" Tiger" The World Of Animals (Record no. 589725)

MARC details
000 -LEADER
fixed length control field 00407nam a2200145Ia 4500
008 - FIXED-LENGTH DATA ELEMENTS--GENERAL INFORMATION
fixed length control field 100415s9999 xx 000 0 und d
082 ## - DEWEY DECIMAL CLASSIFICATION NUMBER
Item number 6763
Classification number 598.44
100 ## - MAIN ENTRY--PERSONAL NAME
Personal name Stonehouse, Bernard (ed.)
245 ## - TITLE STATEMENT
Title " Tiger" The World Of Animals
260 ## - PUBLICATION, DISTRIBUTION, ETC. (IMPRINT)
Place of publication, distribution, etc U.S.A
Date of publication, distribution, etc 1968
Name of publisher, distributor, etc ARTHUR BARKER LTD.
365 ## - TRADE PRICE
Price amount 0
630 ## - SUBJECT ADDED ENTRY--UNIFORM TITLE
Uniform title " Tiger" The World Of Animals
730 ## - ADDED ENTRY--UNIFORM TITLE
Uniform title " Tiger" The World Of Animals
942 ## - ADDED ENTRY ELEMENTS (KOHA)
Koha item type Book
Holdings
Withdrawn status Lost status Damaged status Not for loan Home library Current library Date acquired Cost, normal purchase price Total Checkouts Full call number Barcode Date last seen Price effective from Koha item type
        Bombay Natural History Society Bombay Natural History Society 09/18/1968 0.00   598.44 6763 BNHS-6763 04/15/2010 04/15/2010 Book